Virtue Ethics and Education from Late Antiquity to the Eighteenth Century (Record no. 54681)

MARC details
000 -LEADER
fixed length control field 01374nam a2200241Ia 4500
000 - LEADER
fixed length control field 02092naaa 00373uu
001 - CONTROL NUMBER
control field https://directory.doabooks.org/handle/20.500.12854/29197
008 - FIXED-LENGTH DATA ELEMENTS--GENERAL INFORMATION
fixed length control field 211013s9999 xx 000 0 und d
020 ## - INTERNATIONAL STANDARD BOOK NUMBER
International Standard Book Number 9789048535101
024 ## - OTHER STANDARD IDENTIFIER
Standard number or code 10.1515/9789048535101
042 ## - AUTHENTICATION CODE
Authentication code dc
245 #0 - TITLE STATEMENT
Title Virtue Ethics and Education from Late Antiquity to the Eighteenth Century
260 ## - PUBLICATION, DISTRIBUTION, ETC.
Place of publication, distribution, etc. Amsterdam
Name of publisher, distributor, etc. Amsterdam University Press
Date of publication, distribution, etc. 2018
300 ## - PHYSICAL DESCRIPTION
Extent 1 electronic resource (374 p.)
520 ## - SUMMARY, ETC.
Summary, etc. This book argues that premodern societies were characterized by the quest for virtue. The concept of virtue, complicated and much fought-over, permeated society, encouraging wisdom, courage, and justice, while simultaneously legitimizing social hierarchies based on sex and nationality. By examining pedagogical texts, rituals, performances, and images, this book illuminates the evolution of virtue through time, helping readers understand the guiding principles of historical action.
540 ## - TERMS GOVERNING USE AND REPRODUCTION NOTE
Terms governing use and reproduction Creative Commons
653 ## - INDEX TERM--UNCONTROLLED
Uncontrolled term Society & culture: general
700 1# - ADDED ENTRY--PERSONAL NAME
Personal name Hellerstedt, Andreas
700 1# - ADDED ENTRY--PERSONAL NAME
Personal name Hellerstedt, Andreas
856 ## - ELECTRONIC LOCATION AND ACCESS
Uniform Resource Identifier <a href="https://docs.google.com/spreadsheets/d/1yKIrdCPDAG_9c22mwoOIO2DOhtj65Wqa/edit?usp=sharing&ouid=106555315294820607512&rtpof=true&sd=true ">https://docs.google.com/spreadsheets/d/1yKIrdCPDAG_9c22mwoOIO2DOhtj65Wqa/edit?usp=sharing&ouid=106555315294820607512&rtpof=true&sd=true </a>
Link text List of Curated E-Books
942 ## - ADDED ENTRY ELEMENTS (KOHA)
Koha item type E-Book
Holdings
Withdrawn status Source of classification or shelving scheme Damaged status Not for loan Home library Current library Date acquired Total Checkouts Date last seen Price effective from Koha item type
  Library of Congress Classification   Not For Loan Directory of Open Access Books Directory of Open Access Books 12/22/2021   12/22/2021 12/22/2021 E-Book

University of Rizal System
Email us at univlibservices@urs.edu.ph

Visit our Website www.urs.edu.ph/library